Statistiques concernant Musique des années 60 100 questions progressives

Cliquez ici pour prendre le quiz!

Statistiques générales

  • Ce quiz a été pris 45 fois
  • Le résultat moyen est 22 sur 100

Statistiques - réponses

%QuestionRéponse% Correct
1Quel rocker français sort son 1er disque en 1960 ? (prénom et nom)Johnny Hallyday
97%
2Qui chante "Mille colombes" en 1978 ? (prénom et nom)Mireille Mathieu
74%
4Elle chante un grand succès, Milord, en 1960... (prénom et nom)Edith Piaf
69%
3Jacques Brel chante en 1960 une danse endiablée, Lavalse à mille temps
66%
5Ce groupe emmené par Eddy Mitchell sort son 1er album en 1961Chaussettes noires
54%
7En 1962, François Hardy chante "Tous les garçons etles filles
51%
6Quel animal vient de mourir pour Henri Salvador en 1962 ?Lion
51%
8Serge Gainsbourg compose pour France Gall qui remporte l'Eurovision 1965 avecPoupée de cire poupée de son
51%
13Qui chante "Le sifflet des copains" en 1963 ?Sheila
49%
9Comment sont les filles de Claude François en 1963 ?Belles, belles, belles
43%
11Quel empereur est mis à l'honneur par France Gall en 1964 ?Charlemagne
43%
12Antoine chante ses (...) en 1966élucubrations
43%
10Edith Piaf chante en 1961 "Non,..."je ne regrette rien
43%
25Les Beatles font leur 1ère télévision en1960
40%
26Quelle avenue chante Joe Dassin en 1969 ?Champs-Elysées
40%
24En 1965, Aznavour chante les lilas de Montmartre dansLa Bohème
37%
23En 1962, la France apprend cette nouvelle danse avec "La leçon de twist" chantée par (prénom et nom)Richard Anthony
37%
27Qu'entend siffler Richard Anthony en 1962 ?Train
37%
15Selon Jacques Dutronc, à quelle heure Paris s'éveille en 1968 ?Cinq heures | Cinq
34%
16Quelle viennoiserie permet à Joe Dassin de rencontrer l'amour en 1969 ? Lepetit pain au chocolat
34%
14En 1962, Pétula Clark chante le succèsChariot
31%
20Qui chante "Et maintenant" en 1961Gilbert Bécaud
31%
21En 1966, Frank Sinatra remet à la mode un standard du jazz, Strangers...in the night
31%
28Actrice et chanteuse, star de Hollywood, elle nous quitte en 1962Marilyn Monroe
31%
22Henri Salvador chante en 1965, "Le travail c'est la..."Santé
31%
19Qui chante "Hey Jude" en 1968 ?The Beatles
31%
18Où Hervé Vilard ne retournera-t-il jamais en 1965 ? A...Capri
29%
48En 1966, qui se sent seul dans Et moi, et moi, et moi...Jacques Dutronc
29%
17Quelle rue chantent les Beatles en 1967 ?Penny Lane
29%
94Cette année-là Hair est présentée pour la 1ère fois à Broadway1968
23%
29Positif comme jamais, Léo Ferré chante en 1969C'est extra
23%
69Michel Sardou nous informe en 1970 qu'il habite enFrance
23%
65En 1964, qui a pris Enrico Macias dans ses bras ?Paris
23%
30Adamo subit la météo en 1964 avecTombe la neige
23%
51Qui chante "Inch'Allah" en 1967 ?Adamo
20%
64Qu'offre Jacques Brel à la femme qu'il aime en 1964. Des...bonbons
20%
63Qui regrette "Tu te laisses aller" en 1960 ? (prénom et nom)Charles Aznavour
20%
31Chanteur et acteur d'origine turc, il fut un Brésilien et un Sancho d'exception ; il nous a quitté en 1968 (prénom et nom)Dario Moreno
20%
34En 1965, les Beatles appellent le monde au secours avec la chanson :Help !
20%
36En 1964, Jean Ferrat chante l'exode rural dansLa Montagne
20%
52Qui chante "Bleu, blanc, blond" en 1960 ? (prénom et nom)Marcel Amont
20%
33En 1969 Georges Moustaki interprète leMétèque
20%
35En 1969, Serge Gainsbourg et Jane Birkin chantent... "Je t'aime...moi non plus
20%
32Les Rolling Stones chantent en 1965 I can't get noSatisfaction
20%
49Qui chante "Dominique" en 1963 ?Soeur Sourire
20%
95En 1967, pour Eric Charden le monde est bleu ou (...)gris
17%
53Qu'est ce qui est un cactus pour Jacques Dutronc en 1967 ? Lemonde entier
17%
71Qui chante Hit the road Jack en 1961 ? (prénom et nom)Ray Charles
17%
50En 1963, Johnny Hallyday, 20 ans, chante "Pour moi la vie...va commencer
17%
43Qui doit être bon en 1961 pour les Chaussettes noires ?Eddie
14%
44De quelle couleur est le submersible des Beatles en 1966 ?Jaune
14%
42Que veut qu'on retienne Johnny Hallyday en 1961 ?La nuit
14%
57Quel groupe reprend "Les comédiens" en 1962 ?Les compagnons de la chanson
14%
58En 1964, Gilbert Bécaud n'a pas volé...L'orange
14%
37Frank Alamo chante le maquillage de ses contemporaines en 1964 dansMa Biche
14%
47Que fait la poupée de Polnareff en 1966Non
14%
66En 1968, Georgette Plana fait un succès avec cette chanson dont le titre est un prénomRiquita
14%
54Ce magazine consacré à la chanson sort pour la 1ère fois pendant l'été 62Salut les copains
14%
74Qui chante Massachusetts en 1967 ?Bee Gees
11%
56Qui chante en 1960 "Fais-moi le couscous Chéri" ? (prénom et nom)Bob Azzam
11%
60Qui chante "Like a rolling stone" en 1965 ? (prénom et nom)Bob Dylan
11%
59Quels malfaiteurs chante Jo Dassin en 1967 ? LesDalton
11%
40En 1960, Dalida chante notamment une histoire de maillot de bain, le titre ?Itsi, bitsi petit bikini
11%
91Qui chante "La Californie" en 1969 ?Julien Clerc
11%
39Quel sommet chante Pascal Danel en 1967 ?Kilimandjaro
11%
61Qu'avoue avoir gardé Mireille Mathieu en 1968 ?l'accent
11%
38Qui va mourir selon Charles Aznavour en 1962La Mamma
11%
62Claude François n'est pas avare d'onomatopées dans cette chanson de 1966Le jouet extraordinaire
11%
41En 1962, Bourvil contribue à rendre populaire cette ville du NordMaubeuge
11%
72En 1966, Mireille Mathieu chante Paris en colère, BO d'un film titré :Paris brûle-t-il ?
11%
68Qui chante "A whiter shade of pale"Procol Harum
11%
67Qui chante la chanson du film Goldfinger en 1965 ? (prénom et nom)Shirley Bassey
11%
73Le 12 avril 1966, le photographe Jean-Marie Périer prend la photo dusiècle
11%
55Jacqueline Boyer chante en 1960Tom Pillibi
11%
46En 1964, Bobby Solo et Lucky Blondo chantent "Sur ton visage..;"une larme
11%
45Comment est la maison de Michel Polnareff en 1969 ?Vide
11%
97Quel est le prénom de la pauvrette dans "Les Marionnettes" de Christophe en 1965Alexa
9%
79Qui chante Rain and Tears en 1968 ?Aphrodite's Child
9%
80En 1966, Sheila se remémore ses jeux d'enfance dansBang bang
9%
90En 1969, Rika Zaraï met à la mode une danse russe, lecasatschok
9%
81En 1966, Johnny Hallyday se moque d'Antoine dans la chanson:Cheveux longs et idées courtes
9%
84En 1964, les Beatles chantent "A hardday's night
9%
87En 1968, Sheila se dit "petite fille"de français moyen
9%
83Que promet Adama dans "Vous permettez Monsieur ?" en 1965d'être sage
9%
88Qui chante "Le ciel, le soleil et la mer" en 1965 (prénom et nom)François Deguelt
9%
89En 1966, Pierre Perret choque Mme de Gaulle quand il chanteLes jolies colonies de vacances
9%
77En 1969, Sylvia Vartan évoque sa Bulgarie natale dans laMaritza
9%
78Quel prénom français est chanté par les Beatles en 1966 ?Michelle
9%
70En 1960, Richard Anthony chante une chanson qui va donner son titre à un film... Son titre ?Nouvelle vague
9%
86En 1967, pour les Charlots, Paulette est la reine despaupiettes
9%
82Qui chante Puppet on a string en 1967 ?Sandie Shaw
9%
96Qui chante "Touch me" en 1969 ?The Doors
9%
75Apache est un morceau de ce groupe sorti en 1960The Shadows
9%
85Richard Anthony chante en 1969 le sirop...Typhon
9%
76Qui est arrivé selon Henri Salvador en 1964 ?Zorro
9%
100Qui chante "Cheveux fous et lèvres roses" en 1962 ? (prénom et nom)Colette Deréal
6%
92Qui chante "No milk today" en 1967 ?Herman's Hermits
6%
93Chanteuse, danseuse, actrice, née en 1922, elle meurt en 1969 à LondresJudy Garland
6%
99Quel prénom n'est pas cité dans le Téléfon de Nino Ferrer ? Bernadette, Zoé, Gaston, Paulette, Marie-Louise, Noémie, Nathalie, Léonard, Marie-Thérèse, Edouard, Marie-Berthen, Artémise, Anatole, LéontinePaulette
6%
98Qui chante Monday, monday en 1966The Mamas and The Papas | The Mamas & The Papas
6%

Distribution des résultats

Percentile par nombre de réponses

% des personnes avec chaque résultat

Votre développement - résultats

Vous n’avez pas pris ce quiz